000 01074nab a22002417a 4500
999 _c6035
_d6035
003 OSt
005 20260116210917.0
008 190605e xxu||||| |||| 00| 0 spa d
040 _cPJ
100 _95135
_aGabet, Alejandro
245 1 0 _aAccidentes de trabajo que involucran agresiones o peleas por parte de terceros /
_cAlejandro Gabet.
260 _aCiudad Autónoma de Buenos Aires :
_bThomson Reuters La Ley,
_c2025.
300 _ap. 279-281
500 _aCita Online: Cita: TR LALEY AR/DOC/2001/2025.
505 _aFallo comentado: CNTrab., sala I ~ 21/04/2025 ~ Diaz, Fabian Daniel c. Galeno ART S.A. s/ recurso ley 27.348.
505 _t¿Te interesa el texto completo? Solicitalo al correo: koha@justierradelfuego.gov.ar
650 0 _91316
_aDERECHO LABORAL
650 0 _91417
_aACCIDENTES DE TRABAJO
650 0 _91430
_aRIESGOS DEL TRABAJO
650 0 _91570
_aDERECHOS DEL TRABAJADOR
773 0 _02711
_93168
_dCiudad Autónoma de Buenos Aires : Thomson Reuters La Ley, 1999-2002.
_tRevista de derecho del trabajo. Nº 5 - Septiembre 2025
942 _2udc
_cANA